000 01145cam a2200217 4500
001 ABS64583
008 010926n2001 000 0 eng u
035 _a(Sirsi) u114869
100 _aBingham, M.
245 _aPolicy utilisation in planning control
260 _c2001
490 _aTown Planning Review
_v72(3) July 2001, 321-340(20)
520 _aRecent governments have sought to make England's planning system more 'plan-led' in outlook and operation. Explores the concept of plan-led control. Looks in detail at the potential and actual role of plans in planning appeal determinations. Describes an empirical study of appeals in Coventry, South Cambridgeshire and Suffolk Coastal districts. This reveals that appeal decisions are more plan-led than aggregate statistics suggest. Flexibility and discretion clearly remain important features of both plan content and use (Taken from journal headnote).
590 _aABS
650 _aPLANNING SYSTEM
650 _aANALYSIS
650 _aPLAN-LED SYSTEM
650 _aPLANNING APPEALS
690 _aENVIRONMENTAL AND LAND CONSULTANCY-PLANNING AND DEVELOPMENT
942 _n0
999 _c68399
_d68399